| 000 | 00718nam a22002057a 4500 | ||
|---|---|---|---|
| 003 | OSt | ||
| 005 | 20251125161606.0 | ||
| 008 | 251125b |||||||| |||| 00| 0 eng d | ||
| 020 | _a0-7546-0755-0. | ||
| 040 |
_aDWCL-Main lib _cOC |
||
| 082 | _aCirc. 231.092 V435a 2006 | ||
| 100 | _aVelde, Rudi Te | ||
| 245 |
_aAquinas on God : _bthe divine science of the Summa Theologiae _cVelde, Rudi Te |
||
| 260 |
_aEngland : _bAshgate Publishing Limited, _cc2006. |
||
| 300 |
_aviii, 192 pages ; _c23 cm. |
||
| 504 | _aIncludes bibliographical references and index. | ||
| 650 | _21. God-History of doctrines-Middle ages. | ||
| 650 | _22. Thomas, Aquinas, Saint, 122?-1274.Summa theologica. | ||
| 942 |
_2ddc _cBK-CIRC _kCirc. _n0 |
||
| 999 |
_c6316 _d6316 |
||